[Event "Piacenza Region-ch"]
[Site "Piacenza"]
[Date "2023.01.13"]
[Round "1"]
[White "Caferri, Sergio"]
[Black "Bonade, Massimo"]
[Result "0-1"]
[WhiteElo "1323"]
[BlackElo "2077"]
[PlyCount "78"]
[EventDate "2023.01.13"]
[EventType "swiss"]
[EventRounds "5"]
[EventCountry "ITA"]
[SourceTitle "CBM 212 Extra"]
[Source "ChessBase"]
[SourceDate "2023.03.31"]
[SourceVersion "1"]
[SourceVersionDate "2023.03.31"]
[SourceQuality "1"]

1. d4 Nf6 2. Nc3 d5 3. Bf4 e6 4. Nb5 Na6 5. e3 Be7 6. Qf3 c6 7. Nc3 0-0 8. Bxa6 bxa6 9. Nge2 a5 10. 0-0 Ba6 11. Rfe1 c5 12. dxc5 Bxc5 13. Bg5 Be7 14. Nd4 Rc8 15. Rad1 Qb6 16. e4 Qxb2 17. e5 Rxc3 18. Qf4 Nh5 19. Qg4 Bxg5 20. Qxg5 g6 21. g4 Ng7 22. h4 Rc4 23. Qf4 Qb4 24. h5 Qe7 25. Re3 Qh4 26. Rg3 Nf5 27. Nxf5 exf5 28. Qf3 Rxg4 29. hxg6 hxg6 30. Kg2 Rxg3+ 31. fxg3 Qe4 32. Qxe4 dxe4 33. Rd7 Rc8 34. Rxa7 Rxc2+ 35. Kh3 Bf1+ 36. Kh4 Bc4 37. Kg5 Kg7 38. Rxa5 Rxa2 39. Rc5 Be6 0-1